Softvérová podpora pri rozhodovacích procesoch bánk diplomová práca

Gespeichert in:
Bibliographische Detailangaben
1. Verfasser: Semanová, Kristína
Körperschaft: Fakulta hospodárskej informatiky EU. Katedra matematiky a aktuárstva
Weitere Verfasser: Strešňáková, Anna, 1976-
Format: Buch
Sprache:Slowakisch
Veröffentlicht: Bratislava 2018
Tags: Tag hinzufügen
Keine Tags, Fügen Sie das erste Tag hinzu!

MARC

LEADER 00000nbm a2200000 4500
001 0243529
005 20180925081208.5
041 0 |a slo 
044 |a SK 
245 1 0 |a Softvérová podpora pri rozhodovacích procesoch bánk  |b diplomová práca  |c Kristína Semanová ; školiteľ: Anna Strešňáková 
264 1 |a Bratislava  |c 2018 
300 |a 74 s. 
100 1 |a Semanová, Kristína 
700 1 |a Strešňáková, Anna, 1976- 
710 2 |a Fakulta hospodárskej informatiky EU. Katedra matematiky a aktuárstva